000 00817cab a2200253 4500
001 WB3314-67
008 090401t1997 xxu||||| |||| 00| 0 eng d
035 _a(Sirsi) u77668
041 _aeng
245 _aCompetitive testing
260 _c1997
350 _a0
490 _aPlanning (for the Natural and Built Environment)
_v(1212) 4 April 1997, 1(1)
520 _aLooks at how land-use planning has yet to be subject to CCT, but how planning managers could start looking at the possibilities for market testing their operations.
650 _aCCT
650 _aCOMPULSORY COMPETITIVE TENDERING
650 _aLAND USE PLANNING
650 _aLOCAL GOVERNMENT
650 _aMARKET TESTING
650 _aPLANNING SERVICES
690 _aPLANNING LAW AND PRACTICE
942 _n0
948 _c09/04/1997
999 _c48820
_d48820